Music Quiz

Random Music or Artist Quiz
Score 0/20 Timer 05:00
4 Plays Today
% Correct
Hendrix, Jimi - Purple Haze
92.3%
Houston, Whitney -
I Wanna Dance With Somebody
89.1%
Hanson - MMMBop
87.1%
Holly, Buddy - Peggy Sue
85.7%
Heart - Barracuda
77.5%
Haley, Bill - Rock Around the Clock
75.2%
Holiday, Billie - Summertime
74.9%
Human League - Don't You Want Me
71.7%
Henley, Don - The Boys of Summer
66.8%
Herman's Hermits - No Milk Today
64.2%
% Correct
House of Pain - Jump Around
63.8%
Hot Chocolate - You Sexy Thing
62.9%
Heatwave - Boogie Nights
61.4%
HIM - Join Me In Death
58.9%
Hill, Faith - There You'll Be
57.2%
Hill, Lauryn - Doo Wop
53.3%
Haggard, Merle - Mama Tried
52.2%
Haddaway - What Is Love
49.5%
Hasselhoff, David - Jump in My Car
44.1%
The Hives - Hate to Say I Told You So
41.4%
Remove Ads.
Support Sporcle.
Get the best of Sporcle when you Go Orange. This ad-free experience offers more features, more stats, and more fun while also helping to support Sporcle. Thank you for becoming a member.

You're not logged in!

Compare scores with friends on all Sporcle quizzes.
OR
Log In

Sporcle TV

Today on Sporcle TV


Watch our educational content, quiz creation guides, and fun videos on Sporcle TV.

Show Comments

Extras

Top Quizzes Today


Score Distribution

Paid Content

Your Account Isn't Verified!

In order to create a playlist on Sporcle, you need to verify the email address you used during registration. Go to your Sporcle Settings to finish the process.

Report this User

Report this user for behavior that violates our Community Guidelines.

Details: